|
|
|
|
| LEADER |
01097nam a2200301 a 4500 |
| 001 |
2647 |
| 003 |
BD-DhAAL |
| 005 |
20150304115416.0 |
| 008 |
150304t19861964nyu b 000 0 eng |
| 010 |
|
|
|a 85045683
|
| 020 |
|
|
|a 0060913398 (pbk.) :
|c $7.95
|
| 040 |
|
|
|a DLC
|c DLC
|d DLC
|d BD-DhAAL
|
| 050 |
0 |
0 |
|a HD38
|b .D7 1986
|
| 082 |
0 |
0 |
|a 658.4/03
|2 19
|
| 100 |
1 |
|
|a Drucker, Peter F.
|q (Peter Ferdinand),
|d 1909-2005.
|9 9060
|
| 245 |
1 |
0 |
|a Managing for results :
|b economic tasks and risk-taking decisions /
|c Peter F. Drucker.
|
| 250 |
|
|
|a 1st Perennial Library ed.
|
| 260 |
|
|
|a New York :
|b Perennial Library,
|c 1986.
|
| 300 |
|
|
|a xiv, 240 p. ;
|c 21 cm.
|
| 500 |
|
|
|a Originally published: New York : Harper & Row, c1964.
|
| 500 |
|
|
|a "PL/1339."--Cover.
|
| 504 |
|
|
|a Bibliography: p. 229-230.
|
| 541 |
|
|
|e 2647
|
| 650 |
|
0 |
|a Industrial management.
|9 9061
|
| 650 |
|
0 |
|a Decision making.
|9 7644
|
| 942 |
|
|
|2 ddc
|c BK
|
| 999 |
|
|
|c 33883
|d 33883
|
| 952 |
|
|
|0 0
|1 0
|2 ddc
|4 0
|6 658_403000000000000_DRU
|7 0
|9 52886
|a SCL
|b SCL
|c GEN
|d 2015-03-04
|l 1
|m 10
|o 658.403 DRU
|p 3020002647
|r 2019-07-17
|s 2019-05-20
|t 1
|w 2015-03-04
|y BK
|